Countries that Drive on the Left Hand Side of the Road - Statistics

General Stats
  • This quiz has been taken 217 times
  • The average score is 36 of 53
Answer Stats
Hint Answer % Correct
Oceania Australia
96%
Europe United Kingdom
96%
Oceania New Zealand
93%
Asia India
91%
Europe Ireland
88%
Africa South Africa
88%
Asia Japan
80%
Asia Pakistan
78%
Oceania Fiji
77%
North America Jamaica
75%
Africa Kenya
75%
Asia Bangladesh
74%
North America Barbados
73%
Africa Zimbabwe
73%
Asia Indonesia
71%
Asia Malaysia
71%
Asia Nepal
71%
North America Bahamas
70%
Africa Botswana
70%
North America Saint Kitts and Nevis
70%
North America Saint Lucia
70%
Asia Thailand
70%
North America Antigua and Barbuda
69%
Asia Singapore
69%
Oceania Tuvalu
69%
Africa Zambia
69%
Oceania Solomon Islands
68%
Africa Tanzania
68%
Africa Lesotho
67%
North America Trinidad and Tobago
67%
Africa Namibia
65%
Oceania Tonga
65%
Africa Uganda
65%
Asia Bhutan
64%
Oceania Nauru
64%
North America Dominica
63%
Europe Malta
62%
Oceania Kiribati
61%
Asia Sri Lanka
61%
North America Grenada
59%
Africa Mozambique
58%
South America Guyana
57%
Africa Swaziland
56%
Asia Brunei
53%
Asia Cyprus
53%
Africa Seychelles
53%
Africa Malawi
51%
South America Suriname
51%
Asia Maldives
50%
Africa Mauritius
49%
North America Saint Vincents and the Grenadines
46%
Oceania Papua New Guinea
45%
Asia East Timor
43%
No matching quizzes found
Score Distribution
Percent of People with Each Score
Percentile by Number Answered
Your Score History
You have not taken this quiz